Educational organization & management/ (Record no. 1674)

000 -LEADER
fixed length control field 00483nam a22001457a 4500
008 - FIXED-LENGTH DATA ELEMENTS--GENERAL INFORMATION
fixed length control field 150605b xxu||||| |||| 00| 0 eng d
050 ## - LIBRARY OF CONGRESS CALL NUMBER
Classification number LB 2900 .N96 2007
100 ## - MAIN ENTRY--PERSONAL NAME
Personal name Nyongesa,Barasa J M.
Dates associated with a name 2007
245 ## - TITLE STATEMENT
Title Educational organization & management/
Statement of responsibility, etc. Nyongesa,Barasa J M.
260 ## - PUBLICATION, DISTRIBUTION, ETC. (IMPRINT)
Place of publication, distribution, etc. Nairobi,Kenya:
Name of publisher, distributor, etc. JKF,
Date of publication, distribution, etc. 2007.
300 ## - PHYSICAL DESCRIPTION
Extent xiv,203p.
Other physical details index
440 ## - SERIES STATEMENT/ADDED ENTRY--TITLE
Title Educational organization & management/
650 ## - SUBJECT ADDED ENTRY--TOPICAL TERM
Topical term or geographic name as entry element education
942 ## - ADDED ENTRY ELEMENTS (KOHA)
Source of classification or shelving scheme
Koha item type Hard Covered Materials
Classification part LB 2900 .N96 2007
Koha issues (borrowed), all copies 9
Holdings
Withdrawn status Lost status Source of classification or shelving scheme Damaged status Not for loan Home library Current library Shelving location Date acquired Total Checkouts Full call number Barcode Date last seen Date last checked out Price effective from Koha item type Total Renewals
          MACHAKOS UNIVERSITY LIBRARY MACHAKOS UNIVERSITY LIBRARY Open shelf 05/06/2015 7 LB 2900 .N96 2007 1461 04/08/2023 03/08/2023 05/06/2015 Hard Covered Materials  
          MACHAKOS UNIVERSITY LIBRARY MACHAKOS UNIVERSITY LIBRARY Open shelf 05/06/2015 11 LB 2900 .N96 2007 3827 13/07/2023 29/06/2023 05/06/2015 Hard Covered Materials 2
© Machakos University Library, Along The Highway, Machakos Wote Rd, Machakos, Kenya P.O. Box 136 - 90100 Machakos - Kenya

Tel: ( +254 ) 723 805829 OR Fax : 044-20353 OR Email: library@mksu.ac.ke